Tratado elemental de derecho civil (Registro nro. 164009)
[ vista simple ]
| 000 -LEADER | |
|---|---|
| fixed length control field | 00778nam a22002297a 4500 |
| 005 - DATE AND TIME OF LATEST TRANSACTION | |
| control field | 20220830091145.0 |
| 008 - FIXED-LENGTH DATA ELEMENTS--GENERAL INFORMATION | |
| fixed length control field | 220830b mx ||||| |||| 00| 0 spa d |
| 020 ## - INTERNATIONAL STANDARD BOOK NUMBER | |
| International Standard Book Number | 9684010478 |
| 020 ## - INTERNATIONAL STANDARD BOOK NUMBER | |
| International Standard Book Number | 9684010524 |
| 050 04 - LIBRARY OF CONGRESS CALL NUMBER | |
| Classification number | KJV450 |
| Item number | P53 1983 |
| 100 1# - MAIN ENTRY--PERSONAL NAME | |
| Personal name | Planiol, Marcel, |
| Relator term | autor |
| 245 10 - TITLE STATEMENT | |
| Title | Tratado elemental de derecho civil |
| Statement of responsibility, etc | / Marcel Planiol, Georges Ripert ; tr. José Ma. Cajica, Jr. |
| 250 ## - EDITION STATEMENT | |
| Edition statement | 1a ed. |
| 260 ## - PUBLICATION, DISTRIBUTION, ETC. (IMPRINT) | |
| Place of publication, distribution, etc | México : |
| Name of publisher, distributor, etc | Cardenas Editor y Distribuidor, |
| Date of publication, distribution, etc | c1983 |
| 300 ## - PHYSICAL DESCRIPTION | |
| Extent | 531 p. ; |
| Dimensions | 23 cm. |
| 504 ## - BIBLIOGRAPHY, ETC. NOTE | |
| Bibliography, etc | Incluye índice |
| 505 1# - FORMATTED CONTENTS NOTE | |
| Miscellaneous information | V.5. |
| Title | Teoría general de los contratos. Contratos especiales. |
| 650 #7 - SUBJECT ADDED ENTRY--TOPICAL TERM | |
| Source of heading or term | lemb |
| Topical term or geographic name as entry element | Derecho civil |
| Geographic subdivision | francia |
| 700 1# - ADDED ENTRY--PERSONAL NAME | |
| Personal name | Ripert, Georges, |
| Relator term | autor |
| 700 1# - ADDED ENTRY--PERSONAL NAME | |
| Personal name | Cajica, Jr., José M., |
| Relator term | tr. |
| 942 ## - ADDED ENTRY ELEMENTS (KOHA) | |
| Source of classification or shelving scheme | Biblioteca del Cogreso de los Estados Unidos |
| Koha item type | Libro |
| Estado de pérdida | Fuente de clasificación | Estado del daño | No para préstamo | Ubicación permanente | Ubicación actual | Apartado o colección | Fecha de adquisición | Fuente de adquisición | Edición | Área del conocimiento | Clasificación | Código de Barras | Date last seen | Número de copia | Costo por reposición | Tipo de recurso |
|---|---|---|---|---|---|---|---|---|---|---|---|---|---|---|---|---|
| Biblioteca del Cogreso de los Estados Unidos | Biblioteca de la Facultad de Derecho y Ciencias Sociales "Felipe J. Tena" | Biblioteca de la Facultad de Derecho y Ciencias Sociales "Felipe J. Tena" | Consulta | 30/08/2022 | Unidad Académica | 1a ed. | Ciencias Sociales y Administrativas | KJV450 P53 1983 | BFD000014297 | 30/08/2022 | V.5 C:1 | 1.00 | Libro |